000 00488nam a2200193Ia 4500
001 35073
003 IN-NITTTR
005 20251114233432.0
008 251113s9999||||xx |||||||||||||| ||eng||
040 _beng
040 _cIN-NITTTR
041 _aeng
082 _aTK7882.E2 Q2 2011
100 _aQian, Huihuan.
245 0 _aIntelligent Surveillance Systems /
_cQian, Huihuan., Xu, Yangsheng, Wu, Xinyu.
700 _a Wu, Xinyu.
700 _a Xu, Yangsheng
942 _2ddc
_cBK
999 _c35240
_d35240